000 00610cab a2200217 4500
001 ABS49118
008 090401t1993 xxu||||| |||| 00| 0 eng d
035 _a(Sirsi) u70081
041 _aeng
245 _aImperial Place
260 _c1993
350 _a0
490 _aCSW - The Property Week
_v44(7/8) 12/19 August 1993, 20-22(3)
520 _aImperial Place, Elstree Way, Borehamwood. Office scheme on site of old Elstree film studios.
650 _aBOREHAMWOOD
650 _aOFFICES
650 _aROAD TEST
690 _aBUILDING AND CONSTRUCTION-PROJECTS
942 _n0
948 _c04/03/1997
999 _c44088
_d44088